Hoa hồng giấu trong cặp sách
Αποθηκεύτηκε σε:
| Άλλοι συγγραφείς: | , , , , |
|---|---|
| Μορφή: | Βιβλίο |
| Έκδοση: |
Hà Nội
Kim Đồng
2006
|
| Θέματα: | |
| Ετικέτες: |
Προσθήκη ετικέτας
Δεν υπάρχουν, Καταχωρήστε ετικέτα πρώτοι!
|
| Thư viện lưu trữ: | Trung tâm Học liệu Lê Vũ Hùng, Trường Đại học Đồng Tháp |
|---|
| LEADER | 01016pam a22003258a 4500 | ||
|---|---|---|---|
| 001 | 00035297 | ||
| 005 | 20171026081025.0 | ||
| 008 | 161201s2006 ||||||Viesd | ||
| 020 | |c 30000 | ||
| 041 | 0 | # | |a Vie |
| 082 | 1 | 4 | |a 613.9 |b H401H |
| 245 | 1 | 0 | |a Hoa hồng giấu trong cặp sách |c Tôn Vân Hiểu; Trương Văn Mặc;Nguyễn Thu Hiền...[và những người khác] |
| 260 | # | # | |a Hà Nội |b Kim Đồng |c 2006 |
| 300 | # | # | |a 422tr. |c 21 cm. |
| 653 | # | # | |a Phỏng vấn |
| 653 | # | # | |a Học sinh |
| 653 | # | # | |a Giới tính |
| 653 | # | # | |a Tình dục |
| 700 | 1 | # | |a Nguyễn, Gia Linh |
| 700 | 1 | # | |a Nguyễn, Thu Hiền |e Dịch |
| 700 | 1 | # | |a Phó, Thiên Tùng |
| 700 | 1 | # | |a Trương, Văn Mặc |
| 700 | 1 | # | |a Tôn, Vân Hiểu |
| 852 | # | # | |b Kho đọc |j KD.0017403 |
| 852 | # | # | |j KD.0017403 |
| 910 | |d 01/12/2016 | ||
| 980 | # | # | |a Trung tâm Học liệu Lê Vũ Hùng, Trường Đại học Đồng Tháp |